Seinfeld: All of Jerry's Girlfriends - Statistics

General Stats
  • This quiz has been taken 64 times
    43 since last reset
  • The average score is 14 of 50
Answer Stats
Episode Girlfriend % Correct
The Stake Out Elaine
61%
The Raincoats Rachel
61%
The Junior Mint Dolores / Mulva
52%
The Implant Sidra
52%
The Wait Out Beth
48%
The Stall Jane
48%
The Glasses Amy
43%
The Phone Message Donna
43%
The Chinese Woman Donna Chang
43%
The Lip Reader Laura
43%
The Virgin Marla
43%
The Cigar Store Indian Winona
43%
The Invitation Jeannie
39%
The Race Lois
39%
The Slicer Sara / Dr. Sitarides
39%
The Caddy Sue Ellen Mischke
35%
The Chaperone Karen
30%
The Betrayal Nina
30%
The Letter Nina
30%
The Soul Mate Pam
30%
The Serenity Now Patty
30%
The Cheever Letters Sandra
30%
The Airport Tia
30%
The Stake Out Vanessa
30%
The Voice Claire
26%
The Van Buren Boys Ellen
26%
The Strike Gwen
26%
The Pothole Jenna
26%
The Muffin Tops Alex
22%
The Beard Cathy
22%
The Seven Christie
22%
The Wink Holly
22%
The Masseuse Jodi
22%
The Big Salad Margaret
22%
The Apology Melissa
22%
The Burning Sophie
22%
The Pie Audrey
17%
The Merv Griffin Show Celia
17%
The Shoes Gail
17%
The Bizarro Jerry Gillian
17%
The Nose Job Isabel
17%
The Gymnast Katya
17%
The Wife Meryl
17%
The Watch Naomi
17%
The Library Sherry
17%
The Good Samaritan Angela
13%
The Understudy Gennice
9%
The Summer of George Lanette
9%
The Soup Nazi Shelia
4%
The Ex-Girlfriend Mariene
0%
No matching quizzes found
Score Distribution
Percent of People with Each Score
Percentile by Number Answered
Your Score History
You have not taken this quiz since the last reset